| 000 | 01269cam a2200337 i 4500 | ||
|---|---|---|---|
| 001 | 17142720 | ||
| 003 | EG-ScBUE | ||
| 005 | 20230515105116.0 | ||
| 008 | 120131s2012 nyua f 001 0 eng d | ||
| 020 | _a9781597111997 (pbk. : alk. paper) | ||
| 040 |
_aDLC _beng _erda _cDLC _dDLC _dEG-ScBUE |
||
| 082 | 0 | 0 |
_a770.1 _222 _bPHO |
| 245 | 0 | 0 |
_aPhotography changes everything / _cedited by Marvin Heiferman ; foreword by Merry Foresta. |
| 250 | _aFirst edition. | ||
| 264 | 1 |
_aNew York : _bAperture Foundation, _c2012. |
|
| 300 |
_a263 pages : _billustrations (chiefly color) ; _c26 cm |
||
| 336 |
_2rdacontent _atext _btxt |
||
| 337 |
_2rdamedia _aunmediated _bn |
||
| 338 |
_2rdacarrier _avolume _bnc |
||
| 500 | _aIncludes index. | ||
| 505 | 0 | _aWhat we want -- What we see -- Who we are -- What we do -- Where we go -- What we remember. | |
| 650 | 7 |
_aPhotography _xSocial aspects. _2BUEsh |
|
| 650 | 7 |
_aPhotography _xPhilosophy. _2BUEsh |
|
| 653 |
_bART _cMay2023 |
||
| 655 | _vReading book | ||
| 700 | 1 |
_aHeiferman, Marvin, _eeditor. |
|
| 700 | 1 |
_aForesta, Merry A., _eauthor of introduction, etc. |
|
| 906 |
_a7 _bcbc _corignew _d1 _eecip _f20 _gy-gencatlg |
||
| 942 |
_2ddc _cBB |
||
| 999 |
_c30373 _d30344 |
||